000 00681nam a2200289Ia 4500
005 20260324124632.0
008 008 260324s9999 xx 000 0 eng d
020 _a9781315653556
037 _aEBOOK
040 _aCRL
040 _beng
040 _cCRL
041 _2eng
041 _aeng
084 _qCRL
100 _aKathryn Chittick
_91174925
245 4 _aThe Language of Whiggism
245 0 _bLiberty and Patriotism, 1802–1830
260 _bTaylor and Francis
260 _c2010
365 _a
365 _b240
856 _uhttp://www.taylorfrancis.com/books/9781315653556
942 _cEBOOK
999 _c1769462
_d1769462